El presupuesto público (Registro nro. 4849)
[ vista simple ]
| 000 -CABECERA | |
|---|---|
| campo de control de longitud fija | 00629aam a2200229 4500 |
| 005 - FECHA Y HORA DE ACTUALIZACIÓN | |
| campo de control | 20170124090451.0 |
| 008 - LONGITUD FIJA | |
| campo de control de longitud fija | 150420b xxu||||| |||| 00| 0 spa d |
| 041 ## - IDIOMA | |
| Código de idioma del texto/pista de sonido o título separado | |
| 082 ## - CLASIFICACIÓN DECIMAL DEWEY | |
| Número de clasificación | 658.154 M827p |
| 100 ## - AUTOR PERSONAL | |
| Nombre de persona | Mora González, Siany |
| 100 ## - AUTOR PERSONAL | |
| Nombre de persona | López Delgado, Juan Carlos |
| 245 ## - TÍTULO PROPIAMENTE DICHO | |
| Título | El presupuesto público |
| 260 ## - PIE DE IMPRENTA | |
| Lugar de publicación, distribución, etc. | Costa Rica |
| Nombre del editor, distribuidor, etc. | CUC |
| Fecha de publicación, distribución, etc. | 2003 |
| 300 ## - DESCRIPCIÓN FÍSICA | |
| Extensión | 158 páginas |
| 650 ## - Materia General | |
| Materia general | COSTA RICA |
| 650 ## - Materia General | |
| Materia general | PRESUPUESTO PÚBLICO |
| 650 ## - Materia General | |
| Materia general | CONTROL |
| 650 ## - Materia General | |
| Materia general | EVALUACIÓN |
| 650 ## - Materia General | |
| Materia general | LEGISLACIÓN |
| 650 ## - Materia General | |
| Materia general | FORMULACIÓN DE PRESUPUESTOS |
| 942 ## - Punto de Acceso Adicional Koha | |
| Tipo de ítem Koha | Libro |
| Estado perdido | Estado dañado | No para préstamo | Biblioteca permanente | Biblioteca actual | Signatura completa | Código de barras | Precio efectivo a partir del | Tipo de ítem |
|---|---|---|---|---|---|---|---|---|
| Departamento de Biblioteca y Documentación Alfonso Chase Brenes | Departamento de Biblioteca y Documentación Alfonso Chase Brenes | 658.154 M827p | 9176 | 10/05/2016 | Libro |